Por que triunfan los lideres : (Registro nro. 16827)
[ vista simple ]
| 000 -LEADER | |
|---|---|
| fixed length control field | 00981cam a2200289 a 4500 |
| 005 - DATE AND TIME OF LATEST TRANSACTION | |
| control field | 20250331183909.0 |
| 007 - PHYSICAL DESCRIPTION FIXED FIELD--GENERAL INFORMATION | |
| fixed length control field | ta |
| 008 - FIXED-LENGTH DATA ELEMENTS--GENERAL INFORMATION | |
| fixed length control field | 170628s2017 ck gr 000 0 spa |
| 015 ## - NATIONAL BIBLIOGRAPHY NUMBER | |
| National bibliography number | ck-2017-xxxx |
| 020 ## - INTERNATIONAL STANDARD BOOK NUMBER | |
| International Standard Book Number | 9789588821382 |
| 040 ## - CATALOGING SOURCE | |
| Original cataloging agency | CO-CtgCURN |
| Language of cataloging | spa |
| Transcribing agency | coctgcurn |
| 082 04 - DEWEY DECIMAL CLASSIFICATION NUMBER | |
| Classification number | 070.194 |
| Item number | C257 |
| Edition information | 23 |
| 110 2# - MAIN ENTRY--CORPORATE NAME | |
| Corporate name or jurisdiction name as entry element | Caracol Radio. |
| 245 10 - TITLE STATEMENT | |
| Title | Por que triunfan los lideres : |
| Remainder of title | hombres y mujeres que estan cambiando el mundo / |
| Statement of responsibility, etc. | Caracol Radio. |
| 250 ## - EDITION STATEMENT | |
| Edition statement | 1a. ed. |
| 260 ## - PUBLICATION, DISTRIBUTION, ETC. | |
| Place of publication, distribution, etc. | Bogotá : |
| Name of publisher, distributor, etc. | Conecta, |
| Date of publication, distribution, etc. | 2017. |
| 300 ## - PHYSICAL DESCRIPTION | |
| Extent | 292 p. ; |
| Dimensions | 23 cm. |
| 596 ## - | |
| -- | 7 |
| 650 14 - SUBJECT ADDED ENTRY--TOPICAL TERM | |
| Topical term or geographic name entry element | Entrevistas en radio. |
| 650 14 - SUBJECT ADDED ENTRY--TOPICAL TERM | |
| Topical term or geographic name entry element | Programas de radio. |
| 650 14 - SUBJECT ADDED ENTRY--TOPICAL TERM | |
| Topical term or geographic name entry element | Celebridades |
| Form subdivision | Entrevistas. |
| 710 2# - ADDED ENTRY--CORPORATE NAME | |
| Corporate name or jurisdiction name as entry element | Cadena Radial Colombiana. |
| 917 0# - | |
| -- | 2017-5426 |
| -- | 2 ejemplares |
| 942 ## - ADDED ENTRY ELEMENTS (KOHA) | |
| Koha item type | Libros |
| Classification part | 070.194 |
| Item part | C257 |
| Source of classification or shelving scheme | Dewey Decimal Classification |
| 990 ## - EQUIVALENCES OR CROSS-REFERENCES [LOCAL, CANADA] | |
| Link information for 9XX fields | 2017-5426 |
| Link information for field corresponding to 9XX field | Penguin Random House |
| -- | 2 ejemplares |
| -- | 21 |
| -- | 28/06/2017 |
| -- | a1004213 |
| -- | 13/06/2017 |
| -- | 12/06/2017 |
| Withdrawn status | Lost status | Source of classification or shelving scheme | Damaged status | Not for loan | Collection | Home library | Current library | Shelving location | Date acquired | Source of acquisition | Cost, normal purchase price | Inventory number | Total checkouts | Full call number | Barcode | Date last seen | Copy number | Price effective from | Koha item type | Public note |
|---|---|---|---|---|---|---|---|---|---|---|---|---|---|---|---|---|---|---|---|---|
| Dewey Decimal Classification | General | Miguel Henríquez Castañeda | Miguel Henríquez Castañeda | General | 09/21/2017 | Donacion | 54000.00 | 018896 | 070.194 C257 | 018896 | 09/21/2017 | 1 | 09/21/2017 | Libros | 070-MEDI.N |